MDQL
is popping MORE tags! Check the
thread
!
Quizzes
Events
Quiz Creation
Community
Videos
Private Events
Remove Ads
Sign In
Join for FREE
Feedback
Dark Mode
Quiz Categories
Sports
Geography
Music
Movies
Television
Just For Fun
Miscellaneous
History
Literature
Language
Science
Gaming
Entertainment
Religion
Holiday
For Kids
Quiz Lab
Recent
Popular Today
Quiz Kudos Today
Editor Picks
Curator Picks
Quizzes by...
Day
Popularity
Type
Ratings
Length
Year
Community
Subscriptions
Recent Discussions
Orange Saloon
Badges
Playlists
Quests
Create
Leaderboards
Showdown
Live 5
Trivia Bingo
Activity
Puzzle Library
Sporcle Events
Private Events
Virtual Trivia
Globe League
Become a Host
Pub Owners
SporcleCon
Opinionation
Our Games
Videos
Blog
Mobile Apps
Partnerships
Remove Ads and Go Orange
Feedback
Music
Pop Music
The Beatles
Song
Album
Lyrics
Bands
Singers
Artist
Clip
Rock
Rap
Classical
Billboard
Country Music
Kpop
Taylor Swift
Music
Pop Music
The Beatles
Song
Album
Lyrics
Bands
Singers
Artist
Clip
Rock
Rap
Classical
Billboard
Country Music
Kpop
Taylor Swift
Random Quiz
Search Sporcle
×
Quiz Lab
Quiz Lab
Music
Lyrics
Type in answers that appear in a list
Type in answers that appear in a list
Classic
Best Score? Go Orange.
Shirley Temple Lyrics 2 Stats
Can you name the Shirley Temple Lyrics 2?
By
eshirley67
10m
87 Questions
66 Plays
66 Plays
66 Plays
Comments
Comments
Give Quiz Kudos
Give Quiz Kudos
-
- Ratings
hide this ad
Replay
Link that replays current quiz
Next Quiz
Link to next quiz in quiz playlist
You Got
0%
They Got
Avg Score
33%
Avg Friend Score
Upgrade to see
Score Distribution
Jump to the score distribution portion of the page
Score
0/87
Timer
10:00
0
Plays Today
% Correct
a
92.4%
a
92.4%
a
92.4%
a
92.4%
a
92.4%
the
74.2%
the
74.2%
the
74.2%
the
74.2%
you
68.2%
to
62.1%
me
60.6%
the
60.6%
and
54.5%
in
53%
my
51.5%
when
47%
in
47%
so
45.5%
good
43.9%
good
43.9%
be
43.9%
be
43.9%
up
36.4%
of
36.4%
of
36.4%
morning
33.3%
morning
33.3%
morning
33.3%
% Correct
morning
33.3%
at
31.8%
day
31.8%
or
28.8%
song
27.3%
don't
27.3%
out
27.3%
comes
25.8%
bird
25.8%
bird
25.8%
sun
25.8%
two
24.2%
got
24.2%
see
24.2%
little
24.2%
dawning
22.7%
stop
22.7%
yawning
22.7%
early
22.7%
early
22.7%
early
22.7%
worm
22.7%
head
22.7%
worm
22.7%
head
22.7%
early
22.7%
nature
21.2%
along
21.2%
days
21.2%
% Correct
join
21.2%
break
21.2%
late
21.2%
you've
21.2%
sleepy
21.2%
sleepy
21.2%
bed
21.2%
bird
21.2%
sing
19.7%
always
19.7%
catch
19.7%
date
19.7%
awaiting
19.7%
always
19.7%
tumble
19.7%
away
18.2%
worms
18.2%
never
18.2%
miss
18.2%
warning
18.2%
begin
16.7%
birdies
16.7%
fun
16.7%
whistle
16.7%
stay
15.2%
send
15.2%
hums
13.6%
dark
13.6%
abed
13.6%
Quiz Playlist
Details
Report
Send in Message
Add To Playlist
Classic:
Type in answers that appear in a list
Last Updated: Feb 16, 2017
Quiz Scoreboard
CHALLENGE
Sign Up to Join the Scoreboard
Show All
Scores
Hide
Comments
May contain spoilers
Recently Published
Holiday 10x10 Sorting Gallery
by lukepisani3
Holiday
15m
Two Season TV Shows II
by 123Four
Television
10m
Image Sorting: Flags VI
by Barbecue
Geography
2m
More to Explore
Quiz From the Vault
Featured Blog Post
14 Easter Pick-up Lines to Find Eggs With
hide this ad
You Might Also Like...
Tags
Lyrics Quiz
Shirley
temple
Today's Top Quizzes in Music
Browse Music
hide this ad
Today's Top Quizzes in Lyrics
Browse Lyrics
Top Contributed Quizzes in Music
1
5X2 Blitz: Bands II
2
Taylor Swift All Songs (2024)
3
5X2 Blitz: The Beatles
4
5X2 Blitz: Billboard
5
Music Artist by Three 2010s hits
6
5X2 Blitz: Billboard II
7
5X2 Blitz: Album
8
5X2 Blitz: Rock
9
5X2 Blitz: Singers
10
5X2 Blitz: Lyrics
Explore More
Trending Topics
Anime
Kpop
Crossword
Disney
Harry Potter
NBA
Marvel
WWE
NFL
Soccer
The Office
Pokémon
Country
Puzzle
Song
hide this ad
More By:
eshirley67
Quiz
Plays
Rating
Category
Featured
Created
Sofia the First Characters
3,003
3.00
Television
Feb 28, 2013
Newsies Songs by Lyrics
2,885
4.88
Movies
Mar 21, 2013
Tangled Characters
2,523
3.75
Movies
Apr 16, 2011
Lemonade Mouth Songs by lyric
1,100
4.00
Music
May 9, 2011
Lemonade Mouth
808
5.00
Entertainment
Apr 16, 2011
Go to Creator's Profile
Score Distribution
Quiz Creator Spotlight
eshirley67
Follow
Send a Message
Quizzes Created
-
Created Quiz Play Count
-
More By This Creator
Popular Quizzes Today
1
Find the US States - No Outlines Minefield
2
Colored Red Africa Blitz
3
Find the 'City' Movie
4
The Countries of the World
5
5x2 Blitz: Bands
6
Find the Countries of Europe - No Outlines Minefield
7
Find the US States
8
US States
More Music Quizzes
My Heart Will Go On Clicky-oke
Published
Trending Quizzes
Colored Red Europe Blitz I
Colored Red Europe Blitz II
Colored Red Africa Blitz II
Even More Two Season TV Shows
Colored Red Africa Blitz III
Recently Updated
Odd Team Out - Big 4 Players
pecheneg
Quick Pick: 20 Twenties
pecheneg
March Madness Men's Triple Doubles
pecheneg
How Do You Spell That?
pecheneg
Godzilla Movies
pecheneg
Grab Bag: 4-10 Letters
pecheneg
2024 March Madness Bracket
pecheneg
Famous TV Couples
Peacemaker
Champions League XIs: Real Madrid
pecheneg
Largest US Cities 1790-2010
pecheneg
Trending Topics
NBA
Crossword
Harry Potter
Marvel
Anime
Kpop
Disney
Puzzle
Song
NFL
Pokémon
The Office
WWE
Soccer
Country
Your Account Isn't Verified!
In order to create a playlist on Sporcle, you need to verify the email address you used during registration. Go to your
Sporcle Settings
to finish the process.
Report this User
Report this user for behavior that violates our
Community Guidelines
.
Details:
Send Report
Go to the Sporcle.com Mobile Site →
Comments